00606 2200229 4500001002100000005001500021035002000036245007700056100001400133250000600147300003500153700001700188260003300205082001000238084001600248020002200264650002200286990001700308990001700325990001700342990001700359INLIS00000000000029220180926105333 a0010-09180001461 aSoekarno - Hatta :bBapak Proklamator /cElibrahim; Editor, Epik Finilih0 aElibrahim a- aiv, 60 hlm. :bilus. ;c25 cm.0 aEpik Finilih aDepok :bCV Arya Duta,c2011 a923.5 a923.5 ELI s a978-979-094-117-5 aBiografi Pahlawan a01232/H/2018 a01233/H/2018 a01234/H/2018 a01235/H/2018